Statistics for Most Common Male Names beginning with E in the USA

Click here to take the quiz!

General Stats

  • This quiz has been taken 417 times
  • The average score is 21 of 61

Answer Stats

NumberName% Correct
16Ed
95%
1Edward
92%
32Ethan
81%
7Eddie
80%
2Eric
80%
34Eli
79%
14Evan
79%
25Elijah
69%
6Edwin
64%
44Eddy
62%
8Edgar
60%
4Ernest
56%
10Erik
52%
12Eduardo
51%
39Elliot
48%
53Ezra
47%
5Earl
46%
19Ellis
46%
26Emmett
46%
37Ernie
46%
18Edmund
43%
3Eugene
39%
11Everett
36%
22Elias
35%
29Emil
35%
35Elton
34%
9Elmer
32%
43Elvis
32%
47Emerson
31%
15Ernesto
31%
28Edmond
30%
50Erin
30%
21Erick
29%
38Elliott
28%
30Emmanuel
27%
13Enrique
27%
41Elvin
26%
36Erwin
25%
24Emilio
23%
40Esteban
23%
17Earnest
20%
49Edwardo
19%
27Emanuel
19%
45Emery
19%
20Ervin
19%
56Elmo
17%
48Errol
15%
23Elbert
14%
55Emile
13%
46Emory
12%
54Earle
10%
33Eldon
10%
51Erich
8%
42Elwood
7%
61Edgardo
4%
31Efrain
4%
52Eugenio
4%
60Efren
2%
59Eliseo
1%
57Everette
1%
58Eloy
0%

Score Distribution

Percentile by Number Answered

Percent of People with Each Score

Your Score History

You have not taken this quiz